[Event "Gibraltar Amateurs op-A"]
[Site "Caleta"]
[Date "2020.01.20"]
[Round "1"]
[White "Bynnersley, Anthony"]
[Black "Collins, Andrew"]
[Result "0-1"]
[WhiteElo "1443"]
[BlackElo "1720"]
[PlyCount "94"]
[EventDate "2020.01.20"]
[EventType "swiss"]
[EventRounds "5"]
[EventCountry "GGB"]
[SourceTitle "EXT 2021"]
[Source "ChessBase"]
[SourceDate "2020.10.23"]
[SourceVersion "1"]
[SourceVersionDate "2020.10.23"]
[SourceQuality "1"]

1. d4 Nf6 2. c4 e6 3. Nf3 Bb4+ 4. Bd2 Bxd2+ 5. Nbxd2 0-0 6. g3 d5 7. e3 Nbd7 8. Bg2 Nb6 9. b3 c6 10. 0-0 Re8 11. Ne5 Nbd7 12. f4 c5 13. Ndf3 cxd4 14. exd4 Qb6 15. c5 Qa6 16. Re1 Nxe5 17. Nxe5 Bd7 18. Nxd7 Nxd7 19. Bf1 Qa5 20. Qd3 Nf6 21. Bg2 Rac8 22. a3 Qd8 23. b4 a5 24. Rab1 axb4 25. axb4 b6 26. Rec1 Ra8 27. Ra1 Qc7 28. Qb5 Rxa1 29. Rxa1 bxc5 30. bxc5 Rb8 31. Qd3 g6 32. Rb1 Ra8 33. Qc3 Kg7 34. Qe3 Ng8 35. Qe5+ Qxe5 36. fxe5 Ne7 37. Bf1 Nf5 38. Rb4 Ra1 39. Kf2 Ra2+ 40. Be2 Rd2 41. c6 Rc2 42. Rc4 dxc4 43. c7 Ne7 44. Ke1 Rb2 45. Bf3 Rxh2 46. d5 exd5 47. Bxd5 c3 0-1

[Event "Telford 4NCL op-A 19th"]
[Site "Telford"]
[Date "2018.07.14"]
[Round "3"]
[White "Collins, Andrew"]
[Black "Gostelow, David W"]
[Result "0-1"]
[WhiteElo "1735"]
[BlackElo "1918"]
[PlyCount "94"]
[EventDate "2018.07.13"]
[EventType "swiss"]
[EventRounds "5"]
[EventCountry "ENG"]
[SourceTitle "CBM 185 Extra"]
[Source "ChessBase"]
[SourceDate "2018.07.29"]
[SourceVersion "1"]
[SourceVersionDate "2018.07.29"]
[SourceQuality "1"]

1. e4 c5 2. Nf3 Nc6 3. d4 cxd4 4. Nxd4 e5 5. Nb5 a6 6. Nd6+ Bxd6 7. Qxd6 Qf6 8. Qxf6 Nxf6 9. f3 d5 10. exd5 Nxd5 11. c3 Bf5 12. Bc4 0-0-0 13. 0-0 Rd7 14. Na3 Nce7 15. Bb3 Rhd8 16. Bg5 f6 17. Bh4 Kc7 18. Bf2 h5 19. Rad1 Nf4 20. Nc4 Ned5 21. Ne3 Be6 22. Nxd5+ Bxd5 23. Bxd5 Rxd5 24. Rxd5 Rxd5 25. Be3 g5 26. Bxf4 gxf4 27. g3 fxg3 28. hxg3 Rd2 29. Rf2 Rxf2 30. Kxf2 Kd6 31. Ke3 f5 32. f4 e4 33. Kd4 b5 34. b4 Kc6 35. c4 bxc4 36. a4 c3 37. Kxc3 Kd5 38. b5 axb5 39. axb5 Kc5 40. b6 Kxb6 41. Kb4 Kc6 42. Kc4 Kd6 43. Kd4 Ke6 44. Kc4 Kf6 45. Kd4 Kg6 46. Ke3 h4 47. Kf2 h3 0-1

[Event "Leicester Atkins Memorial"]
[Site "Leicester"]
[Date "2013.11.30"]
[Round "2"]
[White "Armstrong, Malcolm J"]
[Black "Collins, Andrew"]
[Result "1-0"]
[WhiteElo "2116"]
[BlackElo "1742"]
[PlyCount "75"]
[EventDate "2013.11.29"]
[EventType "swiss"]
[EventRounds "5"]
[EventCountry "ENG"]
[SourceTitle "EXT 2023"]
[Source "ChessBase"]
[SourceDate "2022.10.05"]
[SourceVersion "1"]
[SourceVersionDate "2022.10.05"]
[SourceQuality "1"]

1. d4 Nf6 2. Nf3 d5 3. c4 g6 4. cxd5 Nxd5 5. e4 Nb6 6. h3 Bg7 7. Nc3 0-0 8. Be2 Nc6 9. d5 Ne5 10. Bf4 Nxf3+ 11. Bxf3 Nd7 12. 0-0 Ne5 13. Be2 e6 14. Rc1 exd5 15. Nxd5 c6 16. Ne3 Be6 17. Qc2 Qb6 18. b3 Rfd8 19. Rfd1 Qc7 20. Bg3 Qb6 21. Bh4 Rxd1+ 22. Rxd1 Nd7 23. Nc4 Bxc4 24. Rxd7 Bxe2 25. Qxe2 Qb4 26. Qf3 Rf8 27. Be7 Qe1+ 28. Kh2 Be5+ 29. g3 f6 30. Bxf8 Kxf8 31. Rxb7 Bd4 32. Kg2 Qd2 33. Rxh7 Qxa2 34. e5 f5 35. g4 Qc2 36. gxf5 gxf5 37. Rh5 Ke7 38. Qxf5 1-0

[Event "Leicester Atkins Memorial"]
[Site "Leicester"]
[Date "2013.11.30"]
[Round "3"]
[White "Collins, Andrew"]
[Black "Gonem, Sherif"]
[Result "1-0"]
[WhiteElo "1742"]
[BlackElo "1720"]
[PlyCount "53"]
[EventDate "2013.11.29"]
[EventType "swiss"]
[EventRounds "5"]
[EventCountry "ENG"]
[SourceTitle "EXT 2023"]
[Source "ChessBase"]
[SourceDate "2022.10.05"]
[SourceVersion "1"]
[SourceVersionDate "2022.10.05"]
[SourceQuality "1"]

1. e4 c5 2. Nf3 d6 3. d4 cxd4 4. Nxd4 Nf6 5. Nc3 g6 6. Be3 Bg7 7. f3 0-0 8. Qd2 Nc6 9. 0-0-0 Bd7 10. g4 Ne8 11. h4 Nxd4 12. Bxd4 h6 13. Be3 Kh7 14. Nd5 Nc7 15. Bd3 Bc6 16. Nxc7 Qxc7 17. f4 b5 18. h5 Rh8 19. hxg6+ fxg6 20. f5 Be8 21. Bxh6 Bf7 22. Rh2 Qb8 23. Rdh1 b4 24. Bxg7+ Kxg7 25. Rxh8 Qxh8 26. Rxh8 Rxh8 27. b3 1-0

[Event "Bedford e2e4 op"]
[Site "Bedford"]
[Date "2013.09.22"]
[Round "5"]
[White "Llewellyn, Alan Mansel"]
[Black "Collins, Andrew"]
[Result "0-1"]
[WhiteElo "1590"]
[BlackElo "1737"]
[PlyCount "52"]
[EventDate "2013.09.20"]
[EventType "swiss"]
[EventRounds "5"]
[EventCountry "ENG"]
[SourceTitle "CBM 156 Extra"]
[Source "ChessBase"]
[SourceDate "2013.10.22"]
[SourceVersion "1"]
[SourceVersionDate "2013.10.22"]
[SourceQuality "1"]

1. c4 Nf6 2. Nc3 e6 3. e4 Nc6 4. g3 Bb4 5. Bg2 Bxc3 6. dxc3 e5 7. Nf3 d6 8. Bg5 h6 9. Bxf6 Qxf6 10. 0-0 Be6 11. b3 Bg4 12. h3 Be6 13. a4 Qe7 14. a5 a6 15. Nd2 Qd7 16. Kh2 Qc8 17. b4 0-0 18. g4 Ne7 19. f4 exf4 20. Rxf4 Ng6 21. Rf2 Ne5 22. Bf1 Qd8 23. Qe1 Qh4 24. Rxf7 Qxe1 25. Rxf8+ Rxf8 26. Rxe1 Rf2+ 0-1

[Event "Coventry e2e4 op"]
[Site "Coventry"]
[Date "2013.08.25"]
[Round "5"]
[White "Collins, Andrew"]
[Black "Slinger, Tony J"]
[Result "1/2-1/2"]
[WhiteElo "1738"]
[BlackElo "2008"]
[PlyCount "97"]
[EventDate "2013.08.23"]
[EventType "swiss"]
[EventRounds "7"]
[EventCountry "ENG"]
[SourceTitle "CBM 156 Extra"]
[Source "ChessBase"]
[SourceDate "2013.10.22"]
[SourceVersion "1"]
[SourceVersionDate "2013.10.22"]
[SourceQuality "1"]

1. e4 d5 2. exd5 Qxd5 3. Nc3 Qd6 4. d4 Nf6 5. Nf3 c6 6. Be2 Bg4 7. 0-0 Nbd7 8. Be3 e6 9. Qd2 Qc7 10. Qe1 Bd6 11. h3 h5 12. Ng5 Bh2+ 13. Kh1 Bf4 14. Qd2 Bd6 15. Nce4 Bxe2 16. Qxe2 Be7 17. f4 Nxe4 18. Nxe4 g6 19. Bg1 0-0 20. Bh2 Qa5 21. c3 Nf6 22. Nd2 Rfe8 23. Qf3 Qd5 24. Qe2 b5 25. Nf3 a6 26. Ne5 Bf8 27. Qc2 Rac8 28. Rfe1 Bg7 29. Re3 c5 30. dxc5 Qxc5 31. Bg1 Qd5 32. Rd1 Qxa2 33. Rg3 Qa4 34. Qxa4 bxa4 35. Ra1 Rb8 36. Rxa4 Rxb2 37. Rxa6 Rb7 38. Rd3 Nd5 39. Be3 Rc8 40. Bd2 Rbc7 41. Rd6 Nxc3 42. Bxc3 Rxc3 43. Rxc3 Rxc3 44. Rd8+ Kh7 45. Nxf7 Bf6 46. Ng5+ Bxg5 47. fxg5 Rc5 48. Re8 Rxg5 49. Rxe6 1/2-1/2

[Event "Buxton e2e4 op-B 03"]
[Site "Buxton"]
[Date "2013.03.16"]
[Round "3"]
[White "Collins, Andrew"]
[Black "Fletcher, Michael"]
[Result "1/2-1/2"]
[WhiteElo "1685"]
[BlackElo "1820"]
[PlyCount "125"]
[EventDate "2013.03.15"]
[EventType "swiss"]
[EventRounds "5"]
[EventCountry "ENG"]
[SourceTitle "EXT 2015"]
[Source "ChessBase"]
[SourceDate "2014.11.20"]
[SourceVersion "1"]
[SourceVersionDate "2014.11.20"]
[SourceQuality "1"]

1. e4 c5 2. Nf3 d6 3. d4 cxd4 4. Nxd4 Nf6 5. Nc3 g6 6. Be3 Bg7 7. f3 0-0 8. Qd2 Nc6 9. 0-0-0 d5 10. exd5 Nxd5 11. Nxc6 bxc6 12. Bd4 Nxc3 13. Qxc3 Bh6+ 14. Be3 Bxe3+ 15. Qxe3 Qb6 16. Qxb6 axb6 17. Bc4 Re8 18. Rhe1 Kg7 19. Kb1 Ra7 20. Rd2 Rd7 21. Red1 Rxd2 22. Rxd2 f5 23. Kc1 Kf6 24. f4 h6 25. Kd1 g5 26. g3 b5 27. Bb3 Be6 28. Bxe6 Kxe6 29. Ke2 Ra8 30. a3 Rg8 31. Kf3 Ra8 32. c3 Rg8 33. h3 Rh8 34. g4 Rf8 35. fxg5 hxg5 36. gxf5+ Kxf5 37. Kg3 Rf6 38. b3 Re6 39. Rf2+ Kg6 40. c4 bxc4 41. bxc4 Re4 42. Ra2 Rxc4 43. a4 Rd4 44. a5 Rd7 45. Rc2 Rc7 46. a6 c5 47. Kg4 c4 48. a7 Rxa7 49. Rxc4 Ra6 50. h4 gxh4 51. Kxh4 Kf6 52. Kg4 Ke5 53. Kf3 Kd5 54. Rh4 e5 55. Ke3 Ra3+ 56. Kd2 e4 57. Rh8 Ke5 58. Re8+ Kf4 59. Rf8+ Kg3 60. Ke2 Rf3 61. Rg8+ Kf4 62. Rf8+ Kg3 63. Rg8+ 1/2-1/2

[Event "Gibraltar Masters 11th"]
[Site "Caleta"]
[Date "2013.01.31"]
[Round "10"]
[White "Collins, Andrew"]
[Black "Kuenitz, Klaus"]
[Result "1-0"]
[WhiteElo "1638"]
[BlackElo "1643"]
[PlyCount "48"]
[EventDate "2013.01.22"]
[EventType "swiss"]
[EventRounds "10"]
[EventCountry "GGB"]
[SourceTitle "CBM 153"]
[Source "ChessBase"]
[SourceDate "2013.03.14"]
[SourceVersion "1"]
[SourceVersionDate "2013.03.14"]
[SourceQuality "1"]

1. e4 e6 2. d4 d5 3. Nc3 Nf6 4. e5 Nfd7 5. f4 c5 6. Nf3 cxd4 7. Nxd4 Nc6 8. Be3 Nxd4 9. Bxd4 Bc5 10. Bxc5 Nxc5 11. Bb5+ Bd7 12. Qg4 0-0 13. 0-0 Bxb5 14. Nxb5 Ne4 15. Rf3 Nd2 16. Rg3 g6 17. Nd6 Nc4 18. Nxc4 dxc4 19. Rd1 Qc7 20. Qe2 Qc5+ 21. Qe3 Qa5 22. Rh3 Qxa2 23. f5 Qxb2 24. Qh6 Qxe5 1-0

[Event "High Wycombe e2e4 op 10"]
[Site "High Wycombe"]
[Date "2012.10.12"]
[Round "1"]
[White "Collins, Andrew"]
[Black "Othman, Mustapha"]
[Result "0-1"]
[WhiteElo "1684"]
[BlackElo "1871"]
[PlyCount "64"]
[EventDate "2012.10.12"]
[EventType "swiss"]
[EventRounds "5"]
[EventCountry "ENG"]
[SourceTitle "EXT 2013"]
[Source "ChessBase"]
[SourceDate "2012.11.22"]
[SourceVersion "1"]
[SourceVersionDate "2012.11.22"]
[SourceQuality "1"]

1. e4 e5 2. Nf3 Nc6 3. Bb5 a6 4. Ba4 Nf6 5. 0-0 Be7 6. Re1 b5 7. Bb3 d6 8. c3 0-0 9. h3 Na5 10. Bc2 c5 11. d4 Qc7 12. Nbd2 Bd7 13. Nf1 cxd4 14. cxd4 Rac8 15. Bd3 Nc6 16. Be3 d5 17. dxe5 Nxe4 18. Rc1 Rfd8 19. Bd4 Qa5 20. Qb3 Nxd4 21. Nxd4 Bc5 22. Bxe4 dxe4 23. e6 Bxd4 24. exd7 Rc4 25. Rxc4 bxc4 26. Rxe4 g6 27. Qxc4 Bxb2 28. Re8+ Kg7 29. Rxd8 Qxd8 30. Qc8 Bf6 31. Ne3 Qa5 32. Qc6 Qe1+ 0-1

[Event "London e2e4 Diamond Jubilee op"]
[Site "London"]
[Date "2012.06.06"]
[Round "8"]
[White "Gupta, Arul"]
[Black "Collins, Andrew"]
[Result "0-1"]
[WhiteElo "1697"]
[BlackElo "1685"]
[PlyCount "84"]
[EventDate "2012.06.02"]
[EventType "swiss"]
[EventRounds "9"]
[EventCountry "ENG"]
[SourceTitle "CBM 148 Extra"]
[Source "ChessBase"]
[SourceDate "2012.06.22"]
[SourceVersion "1"]
[SourceVersionDate "2012.06.22"]
[SourceQuality "1"]

1. e4 e5 2. Nf3 Nc6 3. Bc4 Bc5 4. d3 Nf6 5. Nc3 d6 6. h3 h6 7. Be3 Bb6 8. 0-0 0-0 9. d4 exd4 10. Nxd4 Nxe4 11. Nxc6 bxc6 12. Nxe4 d5 13. Ng3 dxc4 14. Qf3 Qd5 15. Qe2 Be6 16. Nh5 Bxe3 17. fxe3 Qc5 18. Nf4 Bd5 19. Kh2 Rae8 20. Rae1 Re4 21. Rf3 Rfe8 22. Qf2 Qd6 23. Kh1 R8e7 24. Nh5 R4e5 25. Rf5 Rxf5 26. Qxf5 Re5 27. Qc8+ Kh7 28. Nf4 Qb4 29. Re2 Qxb2 30. Qxc7 Qc1+ 31. Kh2 Rxe3 32. Rxe3 Qxe3 33. Nxd5 cxd5 34. Qxf7 Qe4 35. c3 Qd3 36. Qd7 d4 37. cxd4 c3 38. d5 c2 39. Qc8 Qe4 40. Kg3 Qe3+ 41. Kg4 c1Q 42. Qf5+ Kg8 0-1

[Event "Gibraltar Masters 10th"]
[Site "Caleta"]
[Date "2012.02.01"]
[Round "9"]
[White "Bernula, Istvan"]
[Black "Collins, Andrew"]
[Result "1-0"]
[WhiteElo "1880"]
[BlackElo "1998"]
[PlyCount "47"]
[EventDate "2012.01.24"]
[EventType "swiss"]
[EventRounds "10"]
[EventCountry "GGB"]
[SourceTitle "CBM 147"]
[Source "ChessBase"]
[SourceDate "2012.03.16"]
[SourceVersion "1"]
[SourceVersionDate "2012.03.16"]
[SourceQuality "1"]

1. e4 e5 2. Nf3 Nc6 3. Bc4 Bc5 4. 0-0 Nf6 5. d4 Bxd4 6. Nxd4 exd4 7. e5 d5 8. Bb5 Ne4 9. Qxd4 0-0 10. Bxc6 bxc6 11. f3 Ng5 12. Nc3 Qe7 13. Bxg5 Qxg5 14. f4 Qg6 15. Rf2 Bf5 16. Rc1 f6 17. Na4 fxe5 18. fxe5 Be4 19. Nc5 Rf4 20. Rcf1 Rg4 21. Nxe4 Qxe4 22. Qc5 h6 23. Qxc6 d4 24. Qxc7 1-0

[Event "ACT-ch"]
[Site "Canberra"]
[Date "2002.10.09"]
[Round "10"]
[White "Lamberts, Gunnars"]
[Black "Collins, Andrew"]
[Result "1-0"]
[WhiteElo "1226"]
[BlackElo "1070"]
[PlyCount "59"]
[EventDate "2002.08.07"]
[EventType "swiss"]
[EventRounds "11"]
[EventCountry "AUS"]
[SourceTitle "EXT 2006"]
[Source "ChessBase"]
[SourceDate "2005.11.24"]
[SourceVersion "1"]
[SourceVersionDate "2005.11.24"]
[SourceQuality "1"]

1. d4 d6 2. e3 Nf6 3. Nf3 Bg4 4. Nbd2 Nc6 5. h3 Bh5 6. c3 d5 7. g4 Bg6 8. Nh4 Be4 9. Nxe4 Nxe4 10. Bd3 e5 11. Nf3 Bd6 12. Qb3 Ne7 13. dxe5 Nc5 14. Qc2 Nxd3+ 15. Qxd3 Bc5 16. Qb5+ Qd7 17. Qxc5 0-0 18. Qd4 f6 19. exf6 Nc6 20. Qd3 Rxf6 21. e4 Raf8 22. Qxd5+ Qxd5 23. exd5 Re8+ 24. Be3 Ne7 25. Nd4 Nxd5 26. 0-0-0 c5 27. Nf5 Nxe3 28. Nxe3 Rxf2 29. Nc4 Ree2 30. Rd2 1-0

[Event "ACT-ch"]
[Site "Canberra"]
[Date "2002.08.28"]
[Round "4"]
[White "Galli, Karl"]
[Black "Collins, Andrew"]
[Result "1-0"]
[WhiteElo "1294"]
[BlackElo "1070"]
[PlyCount "95"]
[EventDate "2002.08.07"]
[EventType "swiss"]
[EventRounds "11"]
[EventCountry "AUS"]
[SourceTitle "EXT 2006"]
[Source "ChessBase"]
[SourceDate "2005.11.24"]
[SourceVersion "1"]
[SourceVersionDate "2005.11.24"]
[SourceQuality "1"]

1. e4 e5 2. Nf3 Nc6 3. c3 Nf6 4. d3 d5 5. Qc2 dxe4 6. dxe4 Bg4 7. Be2 Bc5 8. h3 Bh5 9. Bg5 0-0 10. Nbd2 h6 11. Bh4 Bg6 12. g4 Be7 13. 0-0-0 a6 14. Bxf6 Bxf6 15. h4 Be7 16. Nc4 Bd6 17. Ne3 b5 18. Nf5 b4 19. c4 a5 20. c5 Nd4 21. N5xd4 exd4 22. cxd6 Qxd6 23. Kb1 b3 24. Qd3 Qc6 25. Nd2 bxa2+ 26. Kxa2 Rab8 27. f3 Qa4+ 28. Kb1 f5 29. Qc4+ Qxc4 30. Bxc4+ Kh7 31. h5 Be8 32. gxf5 Rb4 33. Ba2 Rb8 34. b3 Bf7 35. Kc2 a4 36. Rb1 c5 37. Kd3 axb3 38. Bxb3 Bxb3 39. Rhc1 Rb4 40. f4 Ba2 41. Rxb4 cxb4 42. Kxd4 b3 43. Ra1 b2 44. Rxa2 b1Q 45. Nxb1 Re8 46. Rd2 Rd8+ 47. Ke3 Rxd2 48. Nxd2 1-0

[Event "ACT-ch"]
[Site "Canberra"]
[Date "2002.08.21"]
[Round "3"]
[White "Collins, Andrew"]
[Black "Nguyen, Quang"]
[Result "0-1"]
[WhiteElo "1070"]
[BlackElo "1464"]
[PlyCount "120"]
[EventDate "2002.08.07"]
[EventType "swiss"]
[EventRounds "11"]
[EventCountry "AUS"]
[SourceTitle "EXT 2006"]
[Source "ChessBase"]
[SourceDate "2005.11.24"]
[SourceVersion "1"]
[SourceVersionDate "2005.11.24"]
[SourceQuality "1"]

1. e4 g6 2. d4 e6 3. c4 Bg7 4. Nf3 d6 5. e5 dxe5 6. Nxe5 Bxe5 7. dxe5 Qxd1+ 8. Kxd1 Nc6 9. Bf4 Bd7 10. c5 a6 11. a3 0-0-0 12. b4 h6 13. b5 axb5 14. Bxb5 Nxe5 15. Bxd7+ Rxd7+ 16. Nd2 Nd3 17. Be3 Ne7 18. Ke2 Nf5 19. c6 bxc6 20. a4 Rd5 21. a5 Kd7 22. Ra3 Nxe3 23. fxe3 Nb4 24. a6 Ra8 25. a7 Rb5 26. Ne4 f5 27. Rd1+ Ke7 28. Nc3 Rb7 29. Rb1 c5 30. Ra5 Raxa7 31. Rxc5 Na2 32. Rf1 Rb2+ 33. Kd3 Rb3 34. Kc2 Rxc3+ 35. Rxc3 Nxc3 36. Kxc3 e5 37. Kc4 Ra5 38. Kb4 Rd5 39. Kc4 Kd6 40. Ra1 c6 41. Ra8 Rc5+ 42. Kb4 Rc2 43. Rd8+ Kc7 44. Rh8 Rxg2 45. Rxh6 Rg4+ 46. e4 Rxe4+ 47. Kc5 Rd4 48. Rxg6 Rd5+ 49. Kc4 e4 50. Rg7+ Kd6 51. Rg6+ Ke5 52. Rxc6 e3 53. Rc8 Ke4 54. Re8+ Re5 55. Rxe5+ Kxe5 56. Kd3 Kf4 57. h4 Kf3 58. h5 e2 59. h6 e1Q 60. Kd4 Qe3+ 0-1